[Event "Ghent Taminco op 36th"]
[Site "Ghent"]
[Date "2013.07.20"]
[Round "2"]
[White "Ruston, Mark"]
[Black "Gormally, Daniel"]
[Result "0-1"]
[WhiteElo "2054"]
[BlackElo "2496"]
[PlyCount "50"]
[EventDate "2013.07.20"]
[EventType "swiss"]
[EventRounds "9"]
[EventCountry "BEL"]
[SourceTitle "CBM 155 Extra"]
[Source "ChessBase"]
[SourceDate "2013.08.26"]
[SourceVersion "1"]
[SourceVersionDate "2013.08.26"]
[SourceQuality "1"]

1. e4 c5 2. Nc3 Nc6 3. g3 g6 4. Bg2 Bg7 5. d3 d6 6. Be3 Rb8 7. Qd2 b5 8. f4 b4 9. Nd1 e6 10. Nf3 Nd4 11. 0-0 Ne7 12. Ng5 0-0 13. c3 bxc3 14. bxc3 Ndc6 15. e5 dxe5 16. Bxc5 Rb5 17. Bf2 exf4 18. gxf4 Qa5 19. Ne4 Nf5 20. a4 Rb8 21. Ra2 Rd8 22. Re1 Qc7 23. Ng3 e5 24. fxe5 Nh4 25. Bh1 Nxe5 0-1

[Event "BCF-chT3S 1213 (4NCL)"]
[Site "England"]
[Date "2013.02.23"]
[Round "6.90"]
[White "Ruston, Mark"]
[Black "Balendran, Baven"]
[Result "1-0"]
[WhiteElo "2035"]
[BlackElo "1831"]
[PlyCount "95"]
[EventDate "2012.11.03"]
[EventType "team-swiss"]
[EventRounds "6"]
[EventCountry "ENG"]
[SourceTitle "EXT 2014"]
[Source "ChessBase"]
[SourceDate "2013.11.20"]
[SourceVersion "1"]
[SourceVersionDate "2013.11.20"]
[SourceQuality "1"]
[WhiteTeam "Sons of Anarchy"]
[BlackTeam "KJCA Knights"]
[WhiteTeamCountry "ENG"]
[BlackTeamCountry "ENG"]

1. e4 e5 2. Nf3 Nc6 3. Bb5 a6 4. Ba4 Nf6 5. d3 Be7 6. Bxc6 dxc6 7. Nxe5 0-0 8. 0-0 Bd6 9. Nf3 Re8 10. h3 h6 11. Re1 Bc5 12. d4 Ba7 13. e5 Nh7 14. Be3 f6 15. Qd3 Nf8 16. Nbd2 Be6 17. Rad1 Qe7 18. exf6 Qxf6 19. Ne4 Qe7 20. Ng3 Rad8 21. c4 Qb4 22. b3 b5 23. Ne5 Bxc4 24. Qf5 Be6 25. Qf3 Bd5 26. Qg4 Be6 27. Qh4 Bd5 28. Nf5 Rxe5 29. dxe5 Qxh4 30. Nxh4 Bxe3 31. Rxe3 Ne6 32. g3 Rf8 33. f4 g5 34. Ng6 Rf7 35. f5 Rg7 36. h4 gxh4 37. Nxh4 Nc5 38. e6 Ne4 39. Rxe4 Bxe4 40. f6 Rxg3+ 41. Kf2 Rh3 42. f7+ Kg7 43. Rd8 Rxh4 44. f8Q+ Kg6 45. Qf7+ Kg5 46. Rg8+ Bg6 47. Rxg6+ Kh5 48. Qf5# 1-0

[Event "Ghent Taminco op 35th"]
[Site "Ghent"]
[Date "2012.07.15"]
[Round "3"]
[White "Schalkx, Johnny"]
[Black "Ruston, Mark"]
[Result "1-0"]
[WhiteElo "2243"]
[BlackElo "2049"]
[PlyCount "69"]
[EventDate "2012.07.14"]
[EventType "swiss"]
[EventRounds "9"]
[EventCountry "BEL"]
[SourceTitle "CBM 149 Extra"]
[Source "ChessBase"]
[SourceDate "2012.08.24"]
[SourceVersion "1"]
[SourceVersionDate "2012.08.24"]
[SourceQuality "1"]

1. g3 d5 2. Bg2 e5 3. c4 dxc4 4. Qa4+ c6 5. Qxc4 Be6 6. Qc2 Qd7 7. Nf3 f6 8. Nc3 Na6 9. 0-0 Ne7 10. a3 c5 11. Ne4 Nc6 12. d3 Be7 13. e3 g5 14. Rd1 Rd8 15. Qa4 Nc7 16. b4 b5 17. Qc2 c4 18. Ne1 0-0 19. Bb2 Qe8 20. Bf1 Bf5 21. dxc4 Qg6 22. Bg2 Nb8 23. cxb5 Ne6 24. Qc4 Rc8 25. Qb3 Kh8 26. Nd6 Bxd6 27. Rxd6 Ng7 28. a4 Ne8 29. Rd2 Nc7 30. Rd6 Ne8 31. Rdd1 Nc7 32. Rac1 Be6 33. Qd3 Qf7 34. a5 Nd7 35. Bb7 1-0

[Event "BCF-chT1d 1011 (4NCL) Demotion pool"]
[Site "England"]
[Date "2011.05.01"]
[Round "10.17"]
[White "Clarke, Brandon GI"]
[Black "Ruston, Mark"]
[Result "1-0"]
[WhiteElo "2110"]
[BlackElo "2110"]
[PlyCount "45"]
[EventDate "2010.11.06"]
[EventType "team-tourn"]
[EventRounds "4"]
[EventCountry "ENG"]
[SourceTitle "EXT 2012"]
[Source "ChessBase"]
[SourceDate "2011.11.24"]
[SourceVersion "1"]
[SourceVersionDate "2011.11.24"]
[SourceQuality "1"]
[WhiteTeam "Warwicks Select"]
[BlackTeam "Sambuca Sharks"]
[WhiteTeamCountry "ENG"]
[BlackTeamCountry "ENG"]

1. e4 e6 2. d4 d5 3. e5 c5 4. c3 Nc6 5. Nf3 Qb6 6. Bd3 cxd4 7. cxd4 Bd7 8. 0-0 Nxd4 9. Nbd2 Nxf3+ 10. Nxf3 Bb5 11. Be3 Qa6 12. Bxb5+ Qxb5 13. Nd4 Qd7 14. Nb3 b6 15. a4 Rc8 16. a5 Bc5 17. Qg4 f5 18. Qg3 Kf7 19. axb6 axb6 20. Rfc1 Bxe3 21. Rxc8 Qxc8 22. Ra7+ Ne7 23. Rxe7+ 1-0

[Event "BCF-chT2 1011 (4NCL)"]
[Site "England"]
[Date "2011.01.16"]
[Round "4.74"]
[White "Ruston, Mark"]
[Black "Simons, Martin J"]
[Result "1/2-1/2"]
[WhiteElo "2110"]
[BlackElo "2186"]
[PlyCount "75"]
[EventDate "2010.11.06"]
[EventType "team-swiss"]
[EventRounds "11"]
[EventCountry "ENG"]
[SourceTitle "EXT 2012"]
[Source "ChessBase"]
[SourceDate "2011.11.24"]
[SourceVersion "1"]
[SourceVersionDate "2011.11.24"]
[SourceQuality "1"]
[WhiteTeam "Sambuca Black Sheep"]
[BlackTeam "Wessex"]
[WhiteTeamCountry "ENG"]
[BlackTeamCountry "ENG"]

1. e4 Nc6 2. Nf3 d5 3. exd5 Qxd5 4. Nc3 Qf5 5. Bd3 Qa5 6. Bb5 Bd7 7. 0-0 0-0-0 8. d4 Nf6 9. Qe2 a6 10. Bxc6 Bxc6 11. Ne5 Be8 12. Be3 e6 13. a3 Nd5 14. Nxd5 exd5 15. Rfc1 f6 16. Nd3 Kb8 17. b4 Qb5 18. a4 Qc4 19. Qd2 Bg6 20. Rcb1 Bxd3 21. cxd3 Qc6 22. b5 axb5 23. axb5 Qb6 24. Rb2 Bd6 25. Rba2 Kc8 26. Qe2 f5 27. Qf3 g6 28. Ra8+ Kd7 29. Rxd8+ Rxd8 30. Qxd5 Re8 31. g3 c6 32. bxc6+ Qxc6 33. Qxc6+ Kxc6 34. Rb1 Re7 35. Kg2 Rd7 36. Kf3 Bf8 37. h4 b5 38. Ke2 1/2-1/2

[Event "BCF-chT2a 0910 (4NCL)"]
[Site "England"]
[Date "2009.10.24"]
[Round "1.7"]
[White "Ruston, Mark"]
[Black "Whitaker, Thomas R"]
[Result "0-1"]
[WhiteElo "2099"]
[BlackElo "1954"]
[PlyCount "64"]
[EventDate "2009.10.24"]
[EventType "team-tourn"]
[EventRounds "7"]
[EventCountry "ENG"]
[SourceTitle "EXT 2010"]
[Source "ChessBase"]
[SourceDate "2010.11.25"]
[SourceVersion "1"]
[SourceVersionDate "2010.11.25"]
[SourceQuality "1"]
[WhiteTeam "Sambuca Sharks"]
[BlackTeam "White Rose II"]
[WhiteTeamCountry "ENG"]
[BlackTeamCountry "ENG"]

1. e4 c5 2. Nc3 Nc6 3. g3 d6 4. Bg2 g6 5. d3 Bg7 6. Be3 e5 7. Qd2 Be6 8. Nd5 Qd7 9. h4 0-0-0 10. Ne2 f5 11. Nec3 Nge7 12. h5 Rhf8 13. hxg6 hxg6 14. Rh7 Rg8 15. 0-0-0 Bxd5 16. Nxd5 Nxd5 17. exd5 Ne7 18. Qa5 b6 19. Qa6+ Kb8 20. Rdh1 Rdf8 21. Rxg7 Rxg7 22. Bh6 Rfg8 23. Bxg7 Rxg7 24. Rh8+ Nc8 25. Rh4 Rh7 26. a4 Rxh4 27. gxh4 Qh7 28. Qc4 f4 29. Qe4 Qxh4 30. Qxg6 Qxf2 31. Kb1 Qg1+ 32. Ka2 f3 0-1

[Event "BCF-chT1d 0809 (4NCL) Demotion pool"]
[Site "England"]
[Date "2009.05.02"]
[Round "9.1"]
[White "Ruston, Mark"]
[Black "Rogers, Jonathan"]
[Result "0-1"]
[WhiteElo "2092"]
[BlackElo "2337"]
[PlyCount "44"]
[EventDate "2008.10.04"]
[EventType "team-tourn"]
[EventRounds "4"]
[EventCountry "ENG"]
[SourceTitle "EXT 2010"]
[Source "ChessBase"]
[SourceDate "2010.11.25"]
[SourceVersion "1"]
[SourceVersionDate "2010.11.25"]
[SourceQuality "1"]
[WhiteTeam "Sambuca Sharks"]
[BlackTeam "Barbican II"]
[WhiteTeamCountry "ENG"]
[BlackTeamCountry "ENG"]

1. e4 c5 2. Nc3 e6 3. g3 a6 4. a4 d5 5. exd5 exd5 6. Bg2 Nf6 7. d4 cxd4 8. Qxd4 Nc6 9. Qd1 Bb4 10. Nge2 0-0 11. 0-0 Re8 12. Bg5 Bg4 13. f3 Bf5 14. Nf4 d4 15. Ncd5 Nxd5 16. Bxd8 Ne3 17. Qc1 Raxd8 18. Rf2 Na5 19. Nh5 d3 20. cxd3 Nb3 21. Qb1 Nxa1 22. Qxa1 Rxd3 0-1

[Event "Kuala Lumpur op 5th"]
[Site "Kuala Lumpur"]
[Date "2008.08.18"]
[Round "1"]
[White "Dimakiling, Oliver"]
[Black "Ruston, Mark"]
[Result "1-0"]
[WhiteElo "2479"]
[BlackElo "2091"]
[PlyCount "57"]
[EventDate "2008.08.18"]
[EventType "swiss"]
[EventRounds "11"]
[EventCountry "MAS"]
[SourceTitle "CBM 126 Extra"]
[Source "ChessBase"]
[SourceDate "2008.11.05"]
[SourceVersion "1"]
[SourceVersionDate "2008.11.05"]
[SourceQuality "1"]

1. d4 e6 2. Nf3 f5 3. c4 Nf6 4. g3 b6 5. Bg2 Bb7 6. 0-0 Be7 7. Nc3 0-0 8. d5 Qe8 9. Nd4 Bc5 10. Ndb5 Qc8 11. Bf4 Ne8 12. e4 a6 13. Nd4 Bd6 14. e5 Bc5 15. Nb3 Be7 16. h4 g6 17. Rc1 Ng7 18. Ne2 d6 19. Nbd4 dxe5 20. Bxe5 Bf6 21. Bxf6 Rxf6 22. c5 bxc5 23. Rxc5 Nd7 24. Nc6 Qf8 25. Rc3 Nb6 26. Nf4 Kh8 27. dxe6 Nxe6 28. Nxe6 Rxe6 29. Nd4 1-0

[Event "BCF-chT3 0708 (4NCL)"]
[Site "Sunningdale"]
[Date "2007.09.16"]
[Round "2"]
[White "Ruston, Mark"]
[Black "Sparkes, Daniel A"]
[Result "1-0"]
[WhiteElo "2116"]
[BlackElo "1985"]
[PlyCount "66"]
[EventDate "2007.09.15"]
[EventType "team-tourn"]
[EventRounds "11"]
[EventCountry "ENG"]
[SourceTitle "CBM 120 Extra"]
[Source "ChessBase"]
[SourceDate "2007.11.01"]
[SourceVersion "1"]
[SourceVersionDate "2007.11.01"]
[SourceQuality "1"]
[WhiteTeam "Slough Sharks II"]
[BlackTeam "Slough Sharks III"]
[WhiteTeamCountry "ENG"]
[BlackTeamCountry "ENG"]

1. e4 c5 2. Nc3 g6 3. g3 Nc6 4. Bg2 Bg7 5. d3 d6 6. Be3 Nf6 7. h3 Bd7 8. Nge2 Rb8 9. a4 a6 10. f4 b5 11. axb5 axb5 12. Qd2 b4 13. Nd1 0-0 14. 0-0 Ne8 15. g4 Nc7 16. f5 e5 17. g5 f6 18. gxf6 Bxf6 19. Bh6 Bg7 20. Bg5 Bf6 21. Bxf6 Rxf6 22. Ne3 gxf5 23. exf5 Kh8 24. Ng3 Rf8 25. Ne4 Nd4 26. Nxd6 Qe7 27. Ndc4 Nxf5 28. Nxf5 Rxf5 29. Rxf5 Bxf5 30. Ra7 Qd7 31. Qe3 Re8 32. Kh2 Qc8 33. Qxc5 Ne6 1-0

[Event "Kuala Lumpur op 4th"]
[Site "Kuala Lumpur"]
[Date "2007.08.22"]
[Round "6"]
[White "Ruston, Mark"]
[Black "Zakaria, Fairin"]
[Result "1/2-1/2"]
[WhiteElo "2116"]
[BlackElo "2225"]
[PlyCount "73"]
[EventDate "2007.08.20"]
[EventType "swiss"]
[EventRounds "11"]
[EventCountry "MAS"]
[SourceTitle "CBM 120 Extra"]
[Source "ChessBase"]
[SourceDate "2007.11.01"]
[SourceVersion "1"]
[SourceVersionDate "2007.11.01"]
[SourceQuality "1"]

1. e4 c5 2. Nc3 Nc6 3. g3 g6 4. Bg2 Bg7 5. d3 Rb8 6. f4 d6 7. Nf3 e6 8. 0-0 Nge7 9. Ne2 Nd4 10. c3 Nxf3+ 11. Bxf3 0-0 12. Be3 b6 13. d4 Bb7 14. Qc2 Qc7 15. Rad1 f5 16. c4 fxe4 17. Bxe4 Nf5 18. Bf2 Nxd4 19. Nxd4 Bxd4 20. Bxd4 cxd4 21. Rxd4 Qc5 22. Rfd1 e5 23. b4 Bxe4 24. Qxe4 Qxd4+ 25. Rxd4 exd4 26. Qd5+ Rf7 27. Qxd6 Rc8 28. Qxd4 Rfc7 29. Qd5+ Kh8 30. Qe5+ Kg8 31. Qe6+ Kh8 32. Qf6+ Kg8 33. Qe6+ Kh8 34. Kg2 Rxc4 35. Kh3 R4c6 36. Qe5+ Kg8 37. Qd5+ 1/2-1/2

[Event "BCF-chT2 0607 (4NCL)"]
[Site "Sunningdale"]
[Date "2007.03.04"]
[Round "8.4"]
[White "Byway, Paul V"]
[Black "Ruston, Mark"]
[Result "1-0"]
[WhiteElo "2175"]
[BlackElo "2112"]
[PlyCount "133"]
[EventDate "2006.09.16"]
[EventType "team"]
[EventRounds "11"]
[EventCountry "ENG"]
[SourceTitle "EXT 2008"]
[Source "ChessBase"]
[SourceDate "2007.11.25"]
[SourceVersion "1"]
[SourceVersionDate "2007.11.25"]
[SourceQuality "1"]
[WhiteTeam "Poisoned Pawns"]
[BlackTeam "Slough Sharks II"]
[WhiteTeamCountry "ENG"]
[BlackTeamCountry "ENG"]

1. d4 e6 2. Nf3 c5 3. c3 d5 4. e3 Nf6 5. Nbd2 Nc6 6. Bd3 Qc7 7. 0-0 Bd7 8. a3 c4 9. Bc2 Bd6 10. e4 dxe4 11. Nxe4 Nxe4 12. Bxe4 f5 13. Bc2 0-0-0 14. b3 cxb3 15. Bxb3 e5 16. h3 h6 17. dxe5 Nxe5 18. Be3 g5 19. Bd4 Nxf3+ 20. Qxf3 g4 21. hxg4 fxg4 22. Qd3 Rhf8 23. Bd5 Bf5 24. Qc4 Qxc4 25. Bxc4 Kb8 26. Rfe1 Rfe8 27. a4 h5 28. Rxe8 Rxe8 29. Bf7 Re7 30. Bd5 h4 31. Bf6 Rh7 32. Re1 h3 33. gxh3 gxh3 34. Be5 Bxe5 35. Rxe5 Rg7+ 36. Kh2 Bd7 37. f4 Kc7 38. Be6 Bxa4 39. Ra5 Bc6 40. f5 Rh7 41. f6 Be8 42. Rg5 Kb6 43. Rg7 Rh6 44. f7 Bxf7 45. Bxf7 Rc6 46. Rg3 Rc7 47. Be6 a6 48. Kxh3 Re7 49. Bb3 Kc5 50. Kg2 Re2+ 51. Kf3 Rb2 52. Bf7 b5 53. Rg5+ Kb6 54. Ke3 b4 55. c4 Rh2 56. c5+ Kc7 57. Kd4 Rh4+ 58. Kd3 a5 59. Bd5 Rh3+ 60. Kc4 Rc3+ 61. Kb5 b3 62. Rg7+ Kd8 63. Kc6 b2 64. Kd6 Re3 65. Rg8+ Re8 66. Rxe8+ Kxe8 67. Ba2 1-0

[Event "BCF-chT3 0607 (4NCL)"]
[Site "Sunningdale"]
[Date "2007.03.03"]
[Round "7.2"]
[White "Ruston, Mark"]
[Black "Tippleston, Charles E"]
[Result "1-0"]
[WhiteElo "2086"]
[BlackElo "2192"]
[PlyCount "71"]
[EventDate "2006.09.16"]
[EventType "team"]
[EventRounds "11"]
[EventCountry "ENG"]
[SourceTitle "EXT 2008"]
[Source "ChessBase"]
[SourceDate "2007.11.25"]
[SourceVersion "1"]
[SourceVersionDate "2007.11.25"]
[SourceQuality "1"]
[WhiteTeam "Slough Sharks III"]
[BlackTeam "FCA Solutions"]
[WhiteTeamCountry "ENG"]
[BlackTeamCountry "ENG"]

1. e4 c5 2. Nc3 Nc6 3. g3 g6 4. Bg2 Bg7 5. d3 e6 6. Be3 d6 7. Qd2 Nd4 8. Nd1 e5 9. c3 Nc6 10. Ne2 h5 11. d4 cxd4 12. cxd4 Nge7 13. d5 Nb8 14. Rc1 Na6 15. b4 Bd7 16. Nb2 b5 17. h4 0-0 18. 0-0 f5 19. f4 fxe4 20. Bxe4 Nf5 21. Bf2 Re8 22. fxe5 Rxe5 23. Bg2 Kh7 24. Nd3 Re7 25. Ndf4 Bh6 26. Nd4 Nxd4 27. Bxd4 Rf7 28. Be3 Qe7 29. Ne6 Bxe3+ 30. Qxe3 Rxf1+ 31. Rxf1 Kg8 32. Qh6 Bxe6 33. Qxg6+ Qg7 34. Qxe6+ Kh8 35. Rf6 Kh7 36. Be4+ 1-0

[Event "BCF-chT2 0607 (4NCL)"]
[Site "Sunningdale"]
[Date "2006.09.16"]
[Round "1.6"]
[White "Cumbers, Paul"]
[Black "Ruston, Mark"]
[Result "0-1"]
[WhiteElo "2171"]
[BlackElo "2092"]
[PlyCount "66"]
[EventDate "2006.09.16"]
[EventType "team"]
[EventRounds "11"]
[EventCountry "ENG"]
[SourceTitle "CBM 115 Extra"]
[Source "ChessBase"]
[SourceDate "2007.01.10"]
[SourceVersion "1"]
[SourceVersionDate "2007.01.10"]
[SourceQuality "1"]
[WhiteTeam "White Rose"]
[BlackTeam "Slough Sharks II"]
[WhiteTeamCountry "ENG"]
[BlackTeamCountry "ENG"]

1. e4 e6 2. d4 d5 3. e5 c5 4. c3 Nc6 5. Nf3 Qb6 6. a3 Nh6 7. Bd3 Bd7 8. Bc2 cxd4 9. cxd4 Nf5 10. Bxf5 exf5 11. Nc3 Be6 12. b4 Rc8 13. Qd3 Nxb4 14. axb4 Rxc3 15. Qd1 Bxb4 16. 0-0 0-0 17. Be3 a5 18. h4 f4 19. Bxf4 Bg4 20. Be3 Qg6 21. Kh2 f6 22. Rc1 Rxc1 23. Bxc1 Qe4 24. Qb3 Bxf3 25. gxf3 Qxh4+ 26. Kg2 Qxd4 27. Rd1 Qc4 28. Qe3 Bc5 29. Qe1 Re8 30. Qxa5 fxe5 31. Bg5 e4 32. Rc1 exf3+ 33. Kh1 Qg4 0-1

[Event "Santo Domingo op"]
[Site "Santo Domingo"]
[Date "2005.11.25"]
[Round "2"]
[White "Furdzik, Rafal"]
[Black "Ruston, Mark"]
[Result "1-0"]
[WhiteElo "2250"]
[BlackElo "2116"]
[PlyCount "49"]
[EventDate "2005.11.24"]
[EventType "swiss"]
[EventRounds "9"]
[EventCountry "DOM"]
[SourceTitle "CBM 109 Extra"]
[Source "ChessBase"]
[SourceDate "2006.01.03"]
[SourceVersion "2"]
[SourceVersionDate "2006.01.03"]
[SourceQuality "1"]

1. e4 e6 2. Qe2 c5 3. g3 Nc6 4. Nf3 Be7 5. Bg2 Nf6 6. 0-0 d5 7. d3 h6 8. e5 Nd7 9. c4 d4 10. Re1 0-0 11. h4 Qc7 12. Bf4 a6 13. Nbd2 b5 14. b3 Bb7 15. Nh2 Rab8 16. Ng4 Nb4 17. Ne4 Kh7 18. a3 Nc6 19. Ngf6+ Bxf6 20. exf6 e5 21. fxg7 Kxg7 22. Qg4+ Kh7 23. Qf5+ Kg7 24. Nf6 exf4 25. Nh5+ 1-0

[Event "Monarch Assurance 14th"]
[Site "Port Erin"]
[Date "2005.09.25"]
[Round "2"]
[White "Cox, John J"]
[Black "Ruston, Mark"]
[Result "1-0"]
[WhiteElo "2385"]
[BlackElo "2116"]
[PlyCount "53"]
[EventDate "2005.09.24"]
[EventType "swiss"]
[EventRounds "9"]
[EventCountry "IOM"]
[SourceTitle "CBM 108 Extra"]
[Source "ChessBase"]
[SourceDate "2005.11.04"]
[SourceVersion "1"]
[SourceVersionDate "2005.11.04"]
[SourceQuality "1"]

1. d4 d5 2. c4 c6 3. Nf3 Nf6 4. Nc3 e6 5. Bg5 Nbd7 6. cxd5 exd5 7. e3 Qa5 8. Nd2 Ne4 9. Ndxe4 dxe4 10. Bh4 Nb6 11. Qc2 Bf5 12. Be2 Nd5 13. 0-0 Nxc3 14. bxc3 Bd6 15. c4 0-0 16. c5 Bb8 17. Rab1 Qc7 18. Bg3 Qd7 19. Rb4 Bxg3 20. fxg3 Rfb8 21. Rfb1 Qe7 22. Ba6 Bc8 23. Bc4 Kh8 24. Qf2 f5 25. h4 Qc7 26. Qf4 Qxf4 27. gxf4 1-0